01273nam a2200277uu 4500001000800000005001700008008004100025020001800066035001200084040001300096041000800109082000800117100003600125245004600161260004200207300001600249500004900265520042400314650002900738650003000767650004700797650002400844650005500868700004000923700003200963128380820260508074824.0120522s2010 eng  a9780230550742 a1283808 ccomduadb aeng 4a33010aBerg, Annette van den4auteaut10aInstitutional economics : an introduction aLondres :bPalgrave MacMillan,c2010. axix, 393 p. aGENERAL: .-- Indice de materias.-- Glosario.3 aLa economía institucional es cada vez más significativa en el campo de la zona aussi, en ciencias políticas y sociología. Este libro de ha asumido la comprensión básica de la economía neoclásica, el lanzamiento clave de las nuevas ideas, haciendo hincapié en la "nueva" economía institucional, con objetivos en las perspectivas tradicionales. Al final de cada capitulo trae conclusiones y preguntas. aEconomía institucional aCooperación empresarial aGobernabilidad en las estructuras publicas aInterés público aIntervencion del Estado - Proteccion de lo publico10aGroenewegen, John,d1949-4auteaut10aSpithoven, Antoon4auteaut